Small, slow, and garadual reform: What can historical institutionalism teach us? (Record no. 94199)

000 -LEADER
fixed length control field 01369pab a2200181 454500
008 - FIXED-LENGTH DATA ELEMENTS--GENERAL INFORMATION
fixed length control field 180718b2011 xxu||||| |||| 00| 0 eng d
100 ## - MAIN ENTRY--PERSONAL NAME
Personal name Kickert, Walter J. M.
245 ## - TITLE STATEMENT
Title Small, slow, and garadual reform: What can historical institutionalism teach us?
260 ## - PUBLICATION, DISTRIBUTION, ETC.
Date of publication, distribution, etc. 2011
300 ## - PHYSICAL DESCRIPTION
Extent p.475-485.
362 ## - DATES OF PUBLICATION AND/OR SEQUENTIAL DESIGNATION
Dates of publication and/or sequential designation Jul-Sep
520 ## - SUMMARY, ETC.
Summary, etc. In this article, the issue of "small, slow and gradual reform" is explored, particularly from the perspective of "historical institutionalism". Historically grown and solidified institutions explain why change usually is only small, slow, and gradual. We have a closer look at the political science theory of historical institutionalism. After considering key-concepts of historical instituionalism such as "path dependency" and "puncutated equilibrium," we look at recent developments of typologies of incremental, gradual transformations. Elaborating upon this typology we develop a conceptual framework of various and varying types of change. The descrptive validity of this framework is "tested" by offering empirial illustrations in three case studies of changes that thave occurred in and around the Dutch Ministry of Agriculture. - Reproduced.
650 ## - SUBJECT ADDED ENTRY--TOPICAL TERM
Topical term or geographic name entry element Administrative reform
700 ## - ADDED ENTRY--PERSONAL NAME
Personal name Meer, Frans-Bauke van der
773 ## - HOST ITEM ENTRY
Main entry heading International Journal of Public Administration
908 ## - PUT COMMAND PARAMETER (RLIN)
Put command parameter N
909 ## -
-- 94199
Holdings
Withdrawn status Lost status Damaged status Not for loan Permanent Location Current Location Date acquired Serial Enumeration / chronology Barcode Date last seen Price effective from Koha item type
        Indian Institute of Public Administration Indian Institute of Public Administration 2018-07-19 Volume no: 34, Issue no: 8-11 AR94659 2018-07-19 2018-07-19 Articles

Powered by Koha